Prénoms garçons en France 1900-2024 #3 - Statistiques

Statistiques générales
  • Ce quiz a été pris 352 fois
  • Le résultat moyen est 46 sur 194
Statistiques - réponses
Hint Réponse % Correct
P Paul / Pol
80%
P Pierre
80%
P Patrick
78%
O Olivier
74%
T Thomas
73%
T Théo / Téo
70%
O Oscar
68%
X Xavier
68%
T Tom
67%
P Philippe
64%
T Tim
64%
V Valentin
64%
W William
64%
P Patrice
63%
P Pascal
61%
Q Quentin
61%
R Romain
61%
V Victor
61%
Y Yann
59%
S Stéphane / Stéphan
56%
R Rémi / Rémy
55%
Y Yanis / Yannis
54%
S Simon
53%
T Timéo / Tyméo / Thiméo
53%
T Timothée / Timothé
53%
V Vince
53%
S Sam
52%
V Vincent
52%
R Robert
51%
R René
49%
S Sylvain
49%
R Roger
48%
S Samuel
47%
T Thierry
45%
Y Yannick
45%
S Sebastien
44%
R Raphaël / Rafaël
43%
R Raymond
43%
Y Yves
43%
T Theodore / Theodort
41%
Y Yohan / Yoan / Yohann
41%
R Richard
40%
S Sacha / Sasha
38%
T Thibault / Thibaut / Thibaud
38%
T Tristan
38%
R Rayan / Rayane / Ryan
36%
R Robin
36%
Y Yvan
36%
Y Yvon
36%
S Steve / Steeve
35%
T Théophile
35%
W Willy
35%
S Samy / Sami
34%
T Titouan
34%
P Pablo
32%
P Pierrick
32%
Z Zack
32%
O Omar
31%
S Serge
31%
U Ulysse
31%
R Rolland / Rolan
30%
R Roméo
30%
S Steven
30%
U Ugo
30%
O Octave
29%
P Paulin
29%
O Owen
28%
R Romuald
28%
S Sofiane / Sofyane
28%
T Tommy
28%
P Pedro
26%
R Renaud
26%
T Tony
26%
V Valéry
26%
P Paolo
25%
R Roman
25%
O Oliver
24%
S Sandro
24%
V Vivien
24%
R Raoul
23%
R Régis
23%
S Soan / Sohan
23%
W Wilfried
23%
P Peter
22%
R Rodolphe
22%
R Ronan
22%
R Ruben
22%
V Victorien
21%
R Ronald
20%
T Tiago / Tyago / Thiago
20%
R Rachid
18%
R Rudy / Ruddy / Rudi
18%
S Stan
18%
T Tao
18%
V Vivian
17%
R Roberto
16%
S Siméon
16%
S Stanislas
16%
T Ted
16%
T Teddy
16%
V Virgil
15%
O Omer
14%
P Pio
13%
S Sergio
13%
S Solal
13%
U Ulrich
13%
P Paco
12%
P Philibert
12%
P Pierre Jean
11%
P Pierre Yves
11%
R Redouane
11%
R Ricardo
11%
R Rodrigue
11%
S Swan / Swann
11%
V Vlad
11%
P Pierre Louis
10%
P Pietro
10%
S Soën
10%
S Soul / Saul
10%
S Stefano
10%
T Tanguy
10%
U Urbain
10%
O Ousmane
9%
S Seraphin
9%
S Silvio
9%
S Stephen
9%
S Sulivan/ Sullivan
9%
S Sylvestre
9%
T Tino
9%
V Valentino
9%
V Virgile
9%
W Walid
9%
Y Yacine
9%
Z Zakaria
9%
Z Zayn
9%
P Pierre André
8%
V Vianney
8%
O Otis
7%
P Pacôme
7%
P Pierre Antoine
7%
R Ryad
7%
S Salim
7%
S Sid
7%
T Theophane
7%
V Vincenzo
7%
Y Younes
7%
O Océan
6%
P Paul Henri
6%
R Ralph
6%
R Randy
6%
S Samson
6%
O Orlando
5%
P Philémon
5%
P Pierre Emmanuel
5%
P Pierre Henri
5%
S Saïd
5%
S Sebastian
5%
T Tarik
5%
T Timmy
5%
W Wassim
5%
O Octavio
4%
O Orso
4%
S Sloan
4%
S Sony
4%
S Stanley
4%
T Tarek
4%
P Pierre Olivier
3%
R Roy
3%
S Soulayman
3%
T Theotime
3%
T Tobias
3%
O Otto
2%
P Pharell
2%
P Pierre Marc
2%
P Prosper
2%
R Ramzi
2%
S Salvatore
2%
S Silas
2%
T Tugdual
2%
T Tyler
2%
U Uriel
2%
V Vincente
2%
O Orazio
1%
P Pierre Alexandre
1%
P Preston
1%
S Santiago
1%
S Sevan
1%
T Tilio
1%
T Timaël
1%
T Toussaint
1%
W Wyatt
1%
X Xavier Marie
1%
X Xavier Pierre
1%
Aucun quiz correspondant
Distribution des résultats
% des personnes avec chaque résultat
Percentile par nombre de réponses
Votre historique - résultats
Vous n’avez pas pris ce quiz